1st, 2nd and 3rd largest cities in countries (#5) - Statistics

General Stats
  • This quiz has been taken 44 times
  • The average score is 9 of 15
Answer Stats
Country Rank in country Population Answer % Correct
2nd 1,160,254 Birmingham
100%
United Kingdom 1st 9,047,570 London
100%
Egypt 1st 9,293,612 Cairo
97%
2nd 5,107,530 Alexandria
95%
Bulgaria 1st 1,242,568 Sofia
95%
Uruguay 1st 1,304,687 Montevideo
92%
3rd 629,920 Glasgow
87%
3rd 4,212,750 Giza
54%
2nd 347,851, Plovdiv
49%
Botswana 1st 231,592 Gaborone
44%
3rd 336,216 Varna
38%
2nd 98,961 Francistown
21%
2nd 104,011 Salto
8%
3rd 66,466 Molepolol
3%
3rd 95,176 Ciudad de la Costa
0%
No matching quizzes found
Score Distribution
Percent of People with Each Score
Percentile by Number Answered
Your Score History
You have not taken this quiz